| 000 | 00387 a2200145 4500 | ||
|---|---|---|---|
| 999 |
_c12235 _d12235 |
||
| 003 | OSt | ||
| 005 | 20240117154706.0 | ||
| 008 | 240117b ||||| |||| 00| 0 eng d | ||
| 020 | _a978-1907317538 | ||
| 082 |
_a727.3094 _bWIL |
||
| 100 | _aWilkinson Eyre Architects | ||
| 245 | _aTectonics : a building for earth sciences at Oxford | ||
| 260 |
_bBlack Dog Publishing _c2011 |
||
| 942 | _2ddc | ||